Emerging educational issues : Conflicts and contrasts
| Other Authors: | , |
|---|---|
| Format: | Book |
| Published: |
Boston :
Little, Brown ,
1974
|
| Subjects: |
MARC
| LEADER | 00000cam a2200000 7i4500 | ||
|---|---|---|---|
| 001 | 0000004097 | ||
| 005 | 20050630.0 | ||
| 020 | |a 0316566578 | ||
| 040 | |a INS | ||
| 090 | 0 | 0 | |a DS119.7. |b E534 1974 |
| 245 | 0 | 0 | |a Emerging educational issues : |b Conflicts and contrasts |c Menacker |
| 260 | |a Boston : |b Little, Brown , |c 1974 | ||
| 300 | |a xiip : |b 400p ; |c 23cm. | ||
| 650 | 0 | 0 | |a Educational Sociology |z United States |
| 650 | 0 | 0 | |a Education |z United States |
| 700 | 1 | |a Menaker, Julius | |
| 700 | 1 | |a Pollack, Erwin | |
| 999 | |a 0000002006 |b BOOK |c Open Shelf |e Default branch | ||